000 00351nam a22001577a 4500
005 20170909103142.0
008 170909b xxu||||| |||| 00| 0 eng d
020 _a978-93-272-3984-3
041 _aeng
082 _a635
100 _aSingh,Jitendra
_93435
245 _aBasic Horticulture
250 _a4th
260 _aDelhi
_bKalyani
942 _cBK
999 _c5544
_d5542